| 000 | 00372cam a22001217a 4500 | ||
|---|---|---|---|
| 008 | 180718b1973 xxu||||| |||| 00| 0 eng d | ||
| 082 | _aT2x54 V223 | ||
| 245 |
_aIndustrial development of India: policy and problems _cedited by C.N. Vakil |
||
| 260 |
_aNew Delhi _bOrient Longman _c1973 |
||
| 300 | _a504p. | ||
| 650 | _aIndustrial development - India | ||
| 700 | _aVakil, C.N. | ||
| 999 |
_c355885 _d355885 |
||